Pět fintech trendů pohledem Mastercard
Nasledujúcich päť tém patrí podľa Mastercard medzi najnovšie trendy: umelá inteligencia v hlasovej komunikácii, textové rozhrania (konverzačná podoboda obchodu), spolupráca startupových spoločností a bánk, finančná inklúzia, technológia Blockchain .
Guardado en:
| Formato: | Capítulo de libro |
|---|---|
| Lenguaje: | checo |
| Materias: | |
| Etiquetas: |
Sin Etiquetas, Sea el primero en etiquetar este registro!
|
MARC
| LEADER | 00000naa a2200000 4500 | ||
|---|---|---|---|
| 001 | 0246668 | ||
| 005 | 20180730121318.4 | ||
| 041 | 0 | |a cze | |
| 044 | |a CZ | ||
| 245 | 1 | 0 | |a Pět fintech trendů pohledem Mastercard |
| 520 | |a Nasledujúcich päť tém patrí podľa Mastercard medzi najnovšie trendy: umelá inteligencia v hlasovej komunikácii, textové rozhrania (konverzačná podoboda obchodu), spolupráca startupových spoločností a bánk, finančná inklúzia, technológia Blockchain . | ||
| 610 | 2 | 0 | |a technológie nové |
| 610 | 2 | 0 | |a inovácia |
| 610 | 2 | 0 | |a inteligencia umelá |
| 610 | 2 | 0 | |a technológie komunikačné |
| 610 | 2 | 0 | |a start-up |
| 610 | 2 | 0 | |a platby elektronické |